| 000 | 00589nam a2200205 a 4500 | ||
|---|---|---|---|
| 001 | 000907721 | ||
| 003 | AM-YEHGA | ||
| 005 | 20250617160720.0 | ||
| 008 | 120724s1961 ru r 000 0 rus d | ||
| 040 | _aAM-YeHGA | ||
| 041 | 0 | _arus | |
| 100 | 1 | _aПетренко, Алексей Петрович | |
| 245 | 1 | 0 |
_aПомидоры / _cА.П. Петренко. |
| 260 |
_aЛ. : _bЛениздат, _c1961. |
||
| 300 |
_a48 с. : _bрис., табл. ; _c20 см. |
||
| 650 | 1 | 4 | _aБахчевые культуры |
| 650 | 1 | 4 | _aПомидоры |
| 942 |
_2udc _cBK |
||
| 090 | _c462050 | ||
| 999 |
_c458982 _d458982 |
||